[Event "Guildford Spring op"]
[Site "Guildford"]
[Date "2024.04.14"]
[Round "4"]
[White "Sarakauskas, Gediminas"]
[Black "Bharat Kumar, Balahari"]
[Result "1/2-1/2"]
[WhiteElo "2351"]
[BlackElo "1895"]
[PlyCount "47"]
[EventDate "2024.04.12"]
[EventType "swiss"]
[EventRounds "5"]
[EventCountry "ENG"]
[SourceTitle "CB18_2024"]
[SourceDate "2024.05.01"]
[SourceVersion "1"]
[SourceVersionDate "2024.05.01"]
[SourceQuality "2"]

1. Nf3 d5 2. d4 Nf6 3. c4 e6 4. Bg5 Be7 5. e3 0-0 6. Nc3 h6 7. Bh4 Nbd7 8. Rc1 dxc4 9. Bxc4 a6 10. a3 b5 11. Ba2 c5 12. 0-0 Bb7 13. Bb1 Re8 14. dxc5 Nxc5 15. b4 Qxd1 16. Rfxd1 Ncd7 17. Ne2 g5 18. Bg3 Rac8 19. Ned4 Nb6 20. Ne5 Be4 21. Ba2 Bd5 22. Bb1 Be4 23. Ba2 Bd5 24. Bb1 1/2-1/2

[Event "Blackpool op 47th"]
[Site "Blackpool"]
[Date "2024.02.10"]
[Round "2"]
[White "Sarakauskas, Gediminas"]
[Black "Sundas, David Ovie"]
[Result "0-1"]
[WhiteElo "2355"]
[BlackElo "1984"]
[PlyCount "104"]
[EventDate "2024.02.09"]
[EventType "swiss"]
[EventRounds "5"]
[EventCountry "ENG"]
[SourceTitle "CB07_2024"]
[SourceDate "2024.02.14"]
[SourceVersion "1"]
[SourceVersionDate "2024.02.14"]
[SourceQuality "1"]

1. e4 e6 2. d4 d5 3. Nd2 c5 4. exd5 Qxd5 5. Ngf3 Nf6 6. Bc4 Qd6 7. dxc5 Qxc5 8. 0-0 Be7 9. Qe2 0-0 10. Ne4 Nxe4 11. Qxe4 Nd7 12. Be3 Qh5 13. Rfd1 Nf6 14. Qe5 Qg4 15. Qc7 Bb4 16. Ne5 Qh5 17. Rd8 Ng4 18. Nxg4 Qxg4 19. Bc5 Bxc5 20. Rad1 Bd7 21. R1xd7 Raxd8 22. Rxd8 Bxf2+ 23. Kf1 Bc5 24. Rxf8+ Bxf8 25. Be2 Qf5+ 26. Bf3 Qb5+ 27. c4 Qxb2 28. Qxb7 Qa1+ 29. Ke2 Qxa2+ 30. Kd3 Qa3+ 31. Kc2 a5 32. Qb3 Qa1 33. Bc6 Qg1 34. h3 Qf2+ 35. Kb1 Qe1+ 36. Ka2 g6 37. Qc2 Qb4 38. Bb5 Qa3+ 39. Kb1 Bg7 40. Qa2 Qd3+ 41. Qc2 Qf1+ 42. Ka2 Qa1+ 43. Kb3 Bf8 44. Qa2 Qxa2+ 45. Kxa2 Bb4 46. Kb3 Kf8 47. Ka4 Ke7 48. Bc6 Kd6 49. Be8 f6 50. Kb5 e5 51. Bf7 e4 52. Bd5 f5 0-1

[Event "UK Blitz op Final"]
[Site "Leamington Spa"]
[Date "2023.12.02"]
[Round "8"]
[White "Sarakauskas, Gediminas"]
[Black "Dong, Bao Nghia"]
[Result "0-1"]
[WhiteElo "2362"]
[BlackElo "2317"]
[PlyCount "99"]
[EventDate "2023.12.02"]
[EventType "tourn (blitz)"]
[EventRounds "15"]
[EventCountry "ENG"]
[EventCategory "3"]
[SourceTitle "CB49_2023"]
[SourceDate "2023.12.06"]
[SourceVersion "1"]
[SourceVersionDate "2023.12.06"]
[SourceQuality "1"]

1. e4 e6 2. d4 d5 3. Nd2 c5 4. exd5 Qxd5 5. Ngf3 cxd4 6. Bc4 Qd6 7. 0-0 Nf6 8. Nb3 Nc6 9. Nbxd4 Nxd4 10. Nxd4 Bd7 11. c3 Be7 12. Re1 0-0 13. Qf3 Qc7 14. Bb3 a5 15. Nf5 Bc6 16. Nxe7+ Qxe7 17. Qg3 Ne4 18. Qe5 Qh4 19. Qf4 Qxf4 20. Bxf4 Rfd8 21. Bc2 Nc5 22. Rad1 Na4 23. Bc1 Nb6 24. f3 a4 25. Rxd8+ Rxd8 26. Rd1 Rxd1+ 27. Bxd1 Bd5 28. Be3 Nc4 29. Bc1 Nb6 30. a3 Bb3 31. Be2 e5 32. Kf2 f5 33. f4 e4 34. Ke3 Kf7 35. Kd4 Ke6 36. c4 Nd7 37. Be3 Kd6 38. g4 g6 39. gxf5 gxf5 40. Bh5 b6 41. Bf7 Nc5 42. Kc3 Bd1 43. Kb4 Nd3+ 44. Kb5 Nxb2 45. Bxb6 Be2 46. Kb4 Nd3+ 47. Kxa4 Nxf4 48. c5+ Ke7 49. Bb3 Nd3 50. c6 0-1

[Event "Panevezys op"]
[Site "Panevezys"]
[Date "2023.08.20"]
[Round "6"]
[White "Mierins, Emils Janis"]
[Black "Sarakauskas, Gediminas"]
[Result "1/2-1/2"]
[WhiteElo "2174"]
[BlackElo "2371"]
[PlyCount "63"]
[EventDate "2023.08.18"]
[EventType "swiss"]
[EventRounds "7"]
[EventCountry "LTU"]
[SourceTitle "EXT 2024"]
[Source "ChessBase"]
[SourceDate "2023.10.10"]
[SourceVersion "1"]
[SourceVersionDate "2023.10.10"]
[SourceQuality "1"]

1. e4 e5 2. Nf3 Nc6 3. Bb5 Nf6 4. 0-0 Nxe4 5. Qe2 Nd6 6. Bxc6 dxc6 7. Qxe5+ Qe7 8. Qa5 Qd7 9. Qe5+ Qe6 10. Qd4 Nf5 11. Qa4 Be7 12. Re1 Qg6 13. d4 0-0 14. Nc3 Nh4 15. Nxh4 Bxh4 16. Bf4 b5 17. Qa5 Qxc2 18. Re2 Qf5 19. Bxc7 Be6 20. Bg3 Bd8 21. Bc7 Bxc7 22. Qxc7 b4 23. Ne4 Bd5 24. Rae1 a5 25. a3 h6 26. h3 Rfd8 27. Re3 bxa3 28. bxa3 Rac8 29. Qa7 Ra8 30. Qc7 Rac8 31. Qa7 Ra8 32. Qc7 1/2-1/2

[Event "Panevezys op"]
[Site "Panevezys"]
[Date "2023.08.19"]
[Round "5"]
[White "Sarakauskas, Gediminas"]
[Black "Viskelis, Darius"]
[Result "1/2-1/2"]
[WhiteElo "2371"]
[BlackElo "2122"]
[PlyCount "31"]
[EventDate "2023.08.18"]
[EventType "swiss"]
[EventRounds "7"]
[EventCountry "LTU"]
[SourceTitle "EXT 2024"]
[Source "ChessBase"]
[SourceDate "2023.10.10"]
[SourceVersion "1"]
[SourceVersionDate "2023.10.10"]
[SourceQuality "1"]

1. e4 e5 2. Nf3 Nf6 3. Nc3 Bb4 4. Nxe5 0-0 5. Be2 Re8 6. Nd3 Bxc3 7. dxc3 Nxe4 8. 0-0 Nc6 9. Nf4 d6 10. Re1 h6 11. Bc4 Nf6 12. Rxe8+ Qxe8 13. Nd5 Nxd5 14. Bxd5 Bf5 15. Be3 Qe5 16. Qd2 1/2-1/2

[Event "LTU-ch"]
[Site "Kaunas"]
[Date "2023.06.12"]
[Round "8"]
[White "Sarakauskas, Gediminas"]
[Black "Pultinevicius, Paulius"]
[Result "1/2-1/2"]
[WhiteElo "2386"]
[BlackElo "2537"]
[PlyCount "93"]
[EventDate "2023.06.06"]
[EventType "tourn"]
[EventRounds "9"]
[EventCountry "LTU"]
[EventCategory "8"]
[SourceTitle "CBM 214 Extra"]
[Source "ChessBase"]
[SourceDate "2023.07.31"]
[SourceVersion "1"]
[SourceVersionDate "2023.07.31"]
[SourceQuality "1"]

1. e4 c5 2. Nf3 Nc6 3. Bb5 e6 4. 0-0 Nge7 5. Re1 a6 6. Bf1 d5 7. exd5 Nxd5 8. d4 Nf6 9. Be3 Be7 10. h3 Nd5 11. Bc1 0-0 12. c4 Nf6 13. Be3 cxd4 14. Nxd4 Nxd4 15. Qxd4 Bd7 16. Nc3 Qa5 17. c5 Bc6 18. b4 Qd8 19. Qxd8 Rfxd8 20. a4 Nd5 21. Nxd5 Bxd5 22. b5 Bf6 23. Rac1 axb5 24. axb5 Rdc8 25. Bc4 h6 26. Bxd5 exd5 27. Red1 Ra5 28. b6 d4 29. Bxd4 Bxd4 30. Rxd4 Raxc5 31. Rxc5 Rxc5 32. Rd7 Rb5 33. Rxb7 g5 34. g4 Rb3 35. Kg2 Kg7 36. Rb8 Kf6 37. f3 Ke5 38. Kg3 Kf6 39. h4 gxh4+ 40. Kxh4 Rxf3 41. Rh8 Rb3 42. Rxh6+ Kg7 43. Rc6 f6 44. Rc7+ Kg6 45. b7 Kh6 46. Rd7 Kg6 47. Rc7 1/2-1/2

[Event "LTU-ch"]
[Site "Kaunas"]
[Date "2023.06.09"]
[Round "5"]
[White "Laurusas, Tomas"]
[Black "Sarakauskas, Gediminas"]
[Result "1-0"]
[WhiteElo "2548"]
[BlackElo "2386"]
[PlyCount "69"]
[EventDate "2023.06.06"]
[EventType "tourn"]
[EventRounds "9"]
[EventCountry "LTU"]
[EventCategory "8"]
[SourceTitle "CBM 214 Extra"]
[Source "ChessBase"]
[SourceDate "2023.07.31"]
[SourceVersion "1"]
[SourceVersionDate "2023.07.31"]
[SourceQuality "1"]

1. d4 d5 2. c4 dxc4 3. e4 Nf6 4. e5 Nd5 5. Bxc4 Nb6 6. Bd3 Nc6 7. Be3 Nb4 8. Be4 f5 9. Bf3 f4 10. a3 fxe3 11. axb4 exf2+ 12. Kxf2 a6 13. Ne2 e6 14. Qb3 c6 15. Nbc3 Qe7 16. Rhd1 Qxb4 17. Qc2 Nd5 18. Ne4 Be7 19. Ra3 0-0 20. Kg1 Qb6 21. Rb3 Qd8 22. Bg4 a5 23. Rh3 g6 24. Qc1 a4 25. Rdd3 Rf7 26. Rdf3 Rxf3 27. Rxf3 a3 28. bxa3 Ra4 29. h4 Bd7 30. h5 g5 31. Nf6+ Nxf6 32. Qxg5+ Kh8 33. exf6 Bf8 34. Rg3 Qe8 35. Qg8+ 1-0

[Event "BCF-chT 2223 (4NCL)"]
[Site "England"]
[Date "2023.04.29"]
[Round "9.6"]
[White "Rudd, Jack"]
[Black "Sarakauskas, Gediminas"]
[Result "0-1"]
[WhiteElo "2324"]
[BlackElo "2388"]
[PlyCount "52"]
[EventDate "2022.10.22"]
[EventType "team-swiss"]
[EventRounds "11"]
[EventCountry "ENG"]
[SourceTitle "EXT 2024"]
[Source "ChessBase"]
[SourceDate "2023.10.10"]
[SourceVersion "1"]
[SourceVersionDate "2023.10.10"]
[SourceQuality "1"]
[WhiteTeam "West is Best"]
[BlackTeam "Gonzaga"]
[WhiteTeamCountry "ENG"]
[BlackTeamCountry "ENG"]

1. d4 e6 2. e4 d5 3. Nd2 c5 4. exd5 Qxd5 5. Ngf3 cxd4 6. Bc4 Qd6 7. 0-0 Nc6 8. Nb3 Nf6 9. Nbxd4 Nxd4 10. Nxd4 a6 11. c3 Qc7 12. Qe2 Bd6 13. h3 0-0 14. Bg5 Nd5 15. Bb3 Bf4 16. Bxf4 Nxf4 17. Qe4 b6 18. Qxa8 Bb7 19. Qxf8+ Kxf8 20. g3 Nxh3+ 21. Kh2 Qe5 22. Bd1 Nf4 23. Bg4 Qg5 24. f3 Nd3 25. Bh3 Qd2+ 26. Kg1 Qxb2 0-1

[Event "LTU-chT"]
[Site "Lithuania"]
[Date "2023.04.22"]
[Round "5.1"]
[White "Buivydas, Skirmantas"]
[Black "Sarakauskas, Gediminas"]
[Result "1-0"]
[WhiteElo "1658"]
[BlackElo "2387"]
[PlyCount "73"]
[EventDate "2023.03.04"]
[EventType "team"]
[EventRounds "7"]
[EventCountry "LTU"]
[SourceTitle "EXT 2024"]
[Source "ChessBase"]
[SourceDate "2023.10.10"]
[SourceVersion "1"]
[SourceVersionDate "2023.10.10"]
[SourceQuality "1"]
[WhiteTeam "Klaipeda Bokstas"]
[BlackTeam "Vilnius Juoda Balta"]
[WhiteTeamCountry "LTU"]
[BlackTeamCountry "LTU"]

1. d4 Nf6 2. Nf3 e6 3. g3 c5 4. Bg2 cxd4 5. 0-0 Be7 6. Nxd4 0-0 7. c4 a6 8. e4 Qc7 9. b3 d6 10. Bb2 Rd8 11. Nc3 b6 12. Rc1 Bb7 13. Qe2 Nbd7 14. f4 Rac8 15. f5 Nf8 16. fxe6 fxe6 17. Bh3 Kf7 18. Rf2 Qb8 19. Rcf1 Rc5 20. Ba3 Rc7 21. g4 h6 22. Qe3 Bc8 23. g5 hxg5 24. Qxg5 N8h7 25. Qg3 Qa7 26. Nxe6 Bxe6 27. Bxe6+ Kxe6 28. Qh3+ Kf7 29. Qxh7 b5 30. Nd5 bxc4 31. Kh1 Ke8 32. Nxc7+ Qxc7 33. Qxg7 Qc6 34. Qg6+ Kd7 35. Rxf6 Bxf6 36. Rxf6 Kc7 37. Rxd6 1-0

[Event "LTU-chT"]
[Site "Lithuania"]
[Date "2023.03.05"]
[Round "3.1"]
[White "Baliasnyj, Timur"]
[Black "Sarakauskas, Gediminas"]
[Result "0-1"]
[WhiteElo "2197"]
[BlackElo "2387"]
[PlyCount "78"]
[EventDate "2023.03.04"]
[EventType "team"]
[EventRounds "7"]
[EventCountry "LTU"]
[SourceTitle "CBM 213 Extra"]
[Source "ChessBase"]
[SourceDate "2023.05.31"]
[SourceVersion "1"]
[SourceVersionDate "2023.05.31"]
[SourceQuality "1"]
[WhiteTeam "Kaunas Security"]
[BlackTeam "Vilnius Juoda Balta"]
[WhiteTeamCountry "LTU"]
[BlackTeamCountry "LTU"]

1. Nf3 Nf6 2. c4 e6 3. g3 d5 4. Bg2 dxc4 5. Qa4+ Nbd7 6. Qxc4 c5 7. 0-0 a6 8. Qc2 b5 9. a4 Bb7 10. d3 Be7 11. axb5 axb5 12. Rxa8 Qxa8 13. Qb3 Bc6 14. Na3 0-0 15. Be3 Ne5 16. Nxe5 Bxg2 17. Rc1 Bd5 18. Qd1 Rc8 19. Bf4 Qa6 20. e4 Bb7 21. Ra1 Ra8 22. Nc2 Qb6 23. Rxa8+ Bxa8 24. Qa1 Bb7 25. b3 Ne8 26. Be3 f6 27. Nf3 Nc7 28. b4 Na6 29. Qa2 Kf7 30. bxc5 Nxc5 31. Nb4 Qc7 32. Nd4 Qd7 33. f3 Nxe4 34. dxe4 Bxb4 35. Kg2 Be7 36. Qb3 b4 37. Qc4 Qc8 38. Qb3 Ba6 39. Qa4 Qc4 0-1

[Event "Hull 4NCL GM"]
[Site "Hull"]
[Date "2022.10.16"]
[Round "9"]
[White "Czopor, Maciej"]
[Black "Sarakauskas, Gediminas"]
[Result "1-0"]
[WhiteElo "2424"]
[BlackElo "2395"]
[PlyCount "67"]
[EventDate "2022.10.12"]
[EventType "tourn"]
[EventRounds "9"]
[EventCountry "ENG"]
[EventCategory "8"]
[SourceTitle "CBM 210 Extra"]
[Source "ChessBase"]
[SourceDate "2022.11.30"]
[SourceVersion "1"]
[SourceVersionDate "2022.11.30"]
[SourceQuality "1"]

1. e4 e5 2. Nf3 Nc6 3. d4 exd4 4. Nxd4 Bb4+ 5. c3 Bc5 6. Be3 Bb6 7. Nf5 Bxe3 8. Nxe3 Nf6 9. f3 0-0 10. c4 d6 11. Nc3 Nd7 12. Qd2 Nc5 13. 0-0-0 a5 14. g4 Qh4 15. Kb1 a4 16. Ncd5 Qd8 17. h4 Be6 18. g5 Kh8 19. Be2 f5 20. gxf6 gxf6 21. Qc3 Ne5 22. Rhg1 Bxd5 23. cxd5 Rg8 24. Nf5 Qd7 25. Qe3 Rxg1 26. Rxg1 Rg8 27. Rxg8+ Kxg8 28. f4 Ng6 29. h5 Nf8 30. Qd4 Qe8 31. Bf3 Kf7 32. Qg1 Qd8 33. Qg7+ Ke8 34. h6 1-0

[Event "Hull 4NCL GM"]
[Site "Hull"]
[Date "2022.10.16"]
[Round "8"]
[White "Sarakauskas, Gediminas"]
[Black "Harvey, Marcus Ross"]
[Result "1/2-1/2"]
[WhiteElo "2395"]
[BlackElo "2463"]
[PlyCount "256"]
[EventDate "2022.10.12"]
[EventType "tourn"]
[EventRounds "9"]
[EventCountry "ENG"]
[EventCategory "8"]
[SourceTitle "CBM 210 Extra"]
[Source "ChessBase"]
[SourceDate "2022.11.30"]
[SourceVersion "1"]
[SourceVersionDate "2022.11.30"]
[SourceQuality "1"]

1. e4 c6 2. d4 d5 3. Nc3 dxe4 4. Nxe4 Nd7 5. Nf3 Ngf6 6. Nxf6+ Nxf6 7. Bc4 Bf5 8. 0-0 e6 9. h3 h6 10. c3 Bd6 11. Re1 0-0 12. Bd3 Bxd3 13. Qxd3 Nd5 14. Qe4 Qf6 15. Ne5 Rfd8 16. Ng4 Qe7 17. Qf3 Kh7 18. Ne3 Qf6 19. Qe4+ Kh8 20. Nxd5 cxd5 21. Qg4 b5 22. Re3 Kh7 23. Rf3 Qg6 24. Bf4 Qxg4 25. hxg4 Be7 26. Bc7 Rdc8 27. Ba5 Kg6 28. a3 Rc6 29. Bb4 Bf8 30. Kf1 a5 31. Bxf8 Rxf8 32. Ke2 Rb8 33. Kd3 Rb7 34. b3 Kg5 35. Rh3 Rbc7 36. Rc1 Rc8 37. Rf3 R6c7 38. Re3 Rg8 39. Rg3 Rc6 40. Ke3 Rgc8 41. f4+ Kg6 42. Kd3 Ra8 43. Ra1 b4 44. c4 dxc4+ 45. bxc4 Rb8 46. Re3 b3 47. Re5 b2 48. Rb1 Rb3+ 49. Kc2 Rxa3 50. c5 Rg3 51. Rxb2 a4 52. Rb6 Rxb6 53. cxb6 Rb3 54. Ra5 Rxb6 55. Rxa4 Kf6 56. Ra2 Rb8 57. Kd3 Rb3+ 58. Ke4 Rg3 59. Rd2 g5 60. fxg5+ hxg5 61. d5 Rxg4+ 62. Kf3 Rf4+ 63. Ke3 exd5 64. Rxd5 Kg6 65. Rd8 Kh5 66. Rh8+ Kg4 67. Rh3 f5 68. Ke2 Ra4 69. Kf2 f4 70. Kg1 Kf5 71. Rh8 Ra2 72. Rf8+ Kg4 73. Rh8 Rb2 74. Rh7 Kf5 75. Rh8 g4 76. Kf1 Kg5 77. Kg1 Rb1+ 78. Kf2 Rb2+ 79. Kf1 Ra2 80. Kg1 Ra1+ 81. Kf2 g3+ 82. Ke2 Ra2+ 83. Kf1 Ra1+ 84. Ke2 Rg1 85. Rg8+ Kf5 86. Rf8+ Kg5 87. Rg8+ Kf5 88. Rf8+ Ke5 89. Re8+ Kd5 90. Rd8+ Ke6 91. Kf3 Rf1+ 92. Kg4 Ke5 93. Re8+ Kd4 94. Re7 Kd3 95. Re8 Rf2 96. Kh3 Re2 97. Ra8 Kd2 98. Ra4 Ke3 99. Ra3+ Ke4 100. Ra4+ Kf5 101. Ra8 Re6 102. Ra5+ Re5 103. Ra8 Re7 104. Ra5+ Ke4 105. Ra4+ Ke3 106. Ra3+ Ke4 107. Ra4+ Kf5 108. Ra5+ Re5 109. Ra8 Rd5 110. Ra7 Rd8 111. Rf7+ Kg5 112. Rg7+ Kf5 113. Rf7+ Kg5 114. Rg7+ Kf6 115. Ra7 Kf5 116. Rf7+ Ke4 117. Re7+ Kd3 118. Kg4 Rd4 119. Kf3 Kd2 120. Re2+ Kd1 121. Ra2 Rd3+ 122. Kxf4 Ke1 123. Kg4 Kf1 124. Kh3 Kg1 125. Ra1+ Kf2 126. Ra2+ Kg1 127. Ra1+ Kf2 128. Ra2+ Kg1 1/2-1/2

[Event "Ilkley op 1st"]
[Site "Ilkley"]
[Date "2022.09.18"]
[Round "5"]
[White "Sarakauskas, Gediminas"]
[Black "Jones, Steven"]
[Result "1-0"]
[WhiteElo "2395"]
[BlackElo "2170"]
[PlyCount "115"]
[EventDate "2022.09.16"]
[EventType "swiss"]
[EventRounds "5"]
[EventCountry "ENG"]
[SourceTitle "EXT 2023"]
[Source "ChessBase"]
[SourceDate "2022.10.05"]
[SourceVersion "1"]
[SourceVersionDate "2022.10.05"]
[SourceQuality "1"]

1. d4 Nf6 2. g3 d5 3. Bg2 c6 4. Nf3 Bf5 5. 0-0 h6 6. c4 e6 7. Nc3 Be7 8. Qb3 Qb6 9. c5 Qc7 10. Bf4 Qc8 11. Qd1 Nbd7 12. b4 b6 13. Ne5 0-0 14. h3 Re8 15. g4 Bh7 16. e3 bxc5 17. bxc5 Nxe5 18. Bxe5 Nd7 19. Bg3 e5 20. Ne2 Qa6 21. Re1 exd4 22. exd4 Bf6 23. Qd2 Nxc5 24. Nf4 Ne4 25. Bxe4 Rxe4 26. Rxe4 Bxe4 27. Nh5 c5 28. Be5 Bxe5 29. dxe5 Qd3 30. Qxd3 Bxd3 31. Nf4 Be4 32. Rc1 Rc8 33. Ne2 Bd3 34. Nd4 Kf8 35. f4 c4 36. Rc3 g6 37. Kf2 Rc5 38. Ke3 Ra5 39. a3 Ra6 40. Nb5 Rb6 41. Nxa7 Rb2 42. Nc6 Be4 43. a4 Ra2 44. a5 Ke8 45. Kd4 Kd7 46. Kc5 Kc7 47. Kb5 Rb2+ 48. Kc5 Rb3 49. Rc1 c3 50. Nd4 Rb2 51. Nb5+ Kb7 52. Nxc3 Bg2 53. h4 Rf2 54. Rb1+ Ka8 55. Rb4 Rc2 56. Kd4 Rd2+ 57. Ke3 Rc2 58. Nb5 1-0

[Event "BCF-chT 2122 (4NCL)"]
[Site "England"]
[Date "2022.06.26"]
[Round "11.23"]
[White "Sarakauskas, Gediminas"]
[Black "Fernandez, Daniel Howard"]
[Result "1/2-1/2"]
[WhiteElo "2425"]
[BlackElo "2490"]
[PlyCount "88"]
[EventDate "2021.11.27"]
[EventType "team-swiss"]
[EventRounds "11"]
[EventCountry "ENG"]
[SourceTitle "EXT 2023"]
[Source "ChessBase"]
[SourceDate "2022.10.05"]
[SourceVersion "1"]
[SourceVersionDate "2022.10.05"]
[SourceQuality "1"]
[WhiteTeam "Gonzaga"]
[BlackTeam "Wood Green"]
[WhiteTeamCountry "ENG"]
[BlackTeamCountry "ENG"]

1. d4 Nf6 2. Nf3 e6 3. g3 b5 4. Bg2 Bb7 5. 0-0 c5 6. Bg5 d5 7. c3 a5 8. dxc5 Bxc5 9. e4 Nbd7 10. Nd4 Qb6 11. exd5 Bxd5 12. Bxd5 Nxd5 13. Nb3 a4 14. Nxc5 Nxc5 15. Qg4 h5 16. Qd4 f6 17. Be3 Nxe3 18. Qxe3 h4 19. Nd2 hxg3 20. fxg3 Nd7 21. Rae1 Ke7 22. Nf3 Qxe3+ 23. Rxe3 Rhc8 24. Nd4 Ne5 25. b3 axb3 26. axb3 Rc5 27. b4 Rd5 28. h4 Kf7 29. Rfe1 Ra6 30. Kg2 Ra2+ 31. Kh3 Rd2 32. Ra1 f5 33. Rxe5 Rxe5 34. Nf3 Ree2 35. Nxd2 Rxd2 36. Ra7+ Kf6 37. Rc7 g6 38. Rc5 Rd3 39. Kg2 e5 40. Rxb5 Rxc3 41. Rb6+ Kg7 42. Rb8 e4 43. b5 Rc2+ 44. Kf1 Rb2 1/2-1/2

[Event "BCF-chT 2122 (4NCL)"]
[Site "England"]
[Date "2022.05.01"]
[Round "8.22"]
[White "Parligras, Mircea Emilian"]
[Black "Sarakauskas, Gediminas"]
[Result "1-0"]
[WhiteElo "2575"]
[BlackElo "2425"]
[PlyCount "108"]
[EventDate "2021.11.27"]
[EventType "team-swiss"]
[EventRounds "11"]
[EventCountry "ENG"]
[SourceTitle "EXT 2023"]
[Source "ChessBase"]
[SourceDate "2022.10.05"]
[SourceVersion "1"]
[SourceVersionDate "2022.10.05"]
[SourceQuality "1"]
[WhiteTeam "Chess.com Manx Liberty"]
[BlackTeam "Gonzaga"]
[WhiteTeamCountry "ENG"]
[BlackTeamCountry "ENG"]

1. d4 d5 2. c4 dxc4 3. e3 Nf6 4. Bxc4 e6 5. Nf3 c5 6. 0-0 a6 7. Nbd2 Nc6 8. dxc5 Bxc5 9. a3 b5 10. Be2 Bb7 11. b4 Be7 12. Bb2 0-0 13. Rc1 a5 14. Bxb5 Na7 15. Bxf6 gxf6 16. Be2 axb4 17. axb4 Bxb4 18. Rc4 Bxd2 19. Nxd2 f5 20. Rd4 Qf6 21. Bf3 Bxf3 22. Qxf3 Nb5 23. Rf4 Nc3 24. Ne4 Nxe4 25. Rxe4 Ra1 26. Rd4 Rxf1+ 27. Kxf1 Rd8 28. Qg3+ Kf8 29. Qf4 Rxd4 30. exd4 Qd8 31. Qe5 Kg8 32. h3 Qa8 33. Kg1 Qa1+ 34. Kh2 Qc1 35. h4 Qd1 36. f3 Qd2 37. Kg3 h6 38. Qf4 Qe1+ 39. Kh2 Kh7 40. h5 Qf2 41. d5 exd5 42. Qxf5+ Kg8 43. Qg4+ Kf8 44. Qf4 Ke7 45. Qe5+ Kf8 46. Kh3 d4 47. Qh8+ Ke7 48. Qxh6 d3 49. Qg5+ Ke6 50. Qg4+ Kd6 51. Qf4+ Kc5 52. Qf5+ Kd4 53. h6 Qf1 54. Qf4+ Kd5 1-0

[Event "BCF-chT 2122 (4NCL)"]
[Site "England"]
[Date "2022.04.30"]
[Round "7.71"]
[White "Sarakauskas, Gediminas"]
[Black "Turner, Max N"]
[Result "1/2-1/2"]
[WhiteElo "2425"]
[BlackElo "2223"]
[PlyCount "85"]
[EventDate "2021.11.27"]
[EventType "team-swiss"]
[EventRounds "11"]
[EventCountry "ENG"]
[SourceTitle "EXT 2023"]
[Source "ChessBase"]
[SourceDate "2022.10.05"]
[SourceVersion "1"]
[SourceVersionDate "2022.10.05"]
[SourceQuality "1"]
[WhiteTeam "Gonzaga"]
[BlackTeam "North East England"]
[WhiteTeamCountry "ENG"]
[BlackTeamCountry "ENG"]

1. d4 Nf6 2. g3 d5 3. Bg2 c6 4. Nf3 Bf5 5. c4 e6 6. Nc3 Nbd7 7. 0-0 h6 8. Qb3 Qb6 9. c5 Qa6 10. Re1 b6 11. cxb6 Qxb6 12. Nd2 Qxd4 13. Qb7 Rb8 14. Qxc6 Ng4 15. e3 Qb6 16. Qxb6 Rxb6 17. e4 dxe4 18. Ndxe4 Be7 19. Na4 Rb8 20. Bf4 e5 21. Bd2 0-0 22. Nec3 Ngf6 23. Be3 a5 24. Rad1 Bb4 25. Ba7 Bxc3 26. bxc3 Rbc8 27. Rd6 Rc7 28. Ra6 Be6 29. Ra1 Bd5 30. Bxd5 Nxd5 31. Rxa5 Ra8 32. Rxd5 Raxa7 33. Nb2 Rxc3 34. a4 e4 35. Nd1 Rc5 36. Ne3 Rxd5 37. Nxd5 Ra5 38. Nc3 f5 39. Rb1 Nc5 40. Rb5 Rxb5 41. axb5 Kf7 42. g4 f4 43. g5 1/2-1/2

[Event "LTU-ch sf"]
[Site "Vilnius"]
[Date "2022.04.13"]
[Round "9"]
[White "Sarakauskas, Gediminas"]
[Black "Zvirblis, Andrius"]
[Result "1-0"]
[WhiteElo "2425"]
[BlackElo "1898"]
[PlyCount "91"]
[EventDate "2022.04.08"]
[EventType "swiss"]
[EventRounds "9"]
[EventCountry "LTU"]
[SourceTitle "CBM 207 Extra"]
[Source "ChessBase"]
[SourceDate "2022.05.31"]
[SourceVersion "1"]
[SourceVersionDate "2022.05.31"]
[SourceQuality "1"]

1. c4 c5 2. Nf3 Nc6 3. g3 Nf6 4. Bg2 g6 5. 0-0 Bg7 6. d4 cxd4 7. Nxd4 0-0 8. Nc3 a6 9. e3 Qc7 10. b3 d6 11. Bb2 Bg4 12. Qd2 Rac8 13. Rac1 Qb8 14. Nd5 Nxd5 15. Nxc6 bxc6 16. Bxg7 Kxg7 17. cxd5 c5 18. e4 Bd7 19. Rfe1 Qb4 20. Qe3 f6 21. f4 Be8 22. Bf1 a5 23. e5 Bf7 24. e6 Be8 25. a4 Rb8 26. Bc4 h6 27. g4 g5 28. f5 Rh8 29. h4 h5 30. hxg5 hxg4 31. gxf6+ exf6 32. Qf4 Rh5 33. Qxd6 Qd2 34. Qg3 Bg6 35. Rcd1 Qb4 36. Qc7+ Kh6 37. fxg6 Qc3 38. Qf4+ Kg7 39. e7 Rbh8 40. e8N+ Kxg6 41. Qxf6+ Qxf6 42. Nxf6 Rh1+ 43. Kf2 R1h2+ 44. Ke3 Kxf6 45. d6 R8h3+ 46. Ke4 1-0

[Event "Harrogate 4NCL op 27th"]
[Site "Harrogate"]
[Date "2022.01.21"]
[Round "1"]
[White "Horspool, Philip"]
[Black "Sarakauskas, Gediminas"]
[Result "0-1"]
[WhiteElo "2028"]
[BlackElo "2421"]
[PlyCount "84"]
[EventDate "2022.01.21"]
[EventType "swiss"]
[EventRounds "5"]
[EventCountry "ENG"]
[SourceTitle "CBM 206 Extra"]
[Source "ChessBase"]
[SourceDate "2022.03.31"]
[SourceVersion "1"]
[SourceVersionDate "2022.03.31"]
[SourceQuality "1"]

1. e4 e5 2. Nf3 Nc6 3. Bb5 Nf6 4. Qe2 Bc5 5. d3 d6 6. c3 0-0 7. 0-0 h6 8. Be3 Bb6 9. a3 Ne7 10. Nbd2 Ng6 11. Ba4 Nh5 12. g3 f5 13. Bb3+ Kh8 14. Nxe5 Nxe5 15. Qxh5 fxe4 16. dxe4 Bg4 17. Qh4 Qxh4 18. gxh4 Bh3 19. Bxb6 Rf4 20. f3 axb6 21. Rfe1 Nxf3+ 22. Nxf3 Rxf3 23. Rad1 Raf8 24. Bc4 R8f4 25. Bf1 Rg4+ 26. Kh1 Rxh4 27. Bxh3 Rhxh3 28. Kg2 Rd3 29. Rxd3 Rxd3 30. Re2 Kg8 31. Kf1 Kf7 32. Rf2+ Ke6 33. Ke2 Rh3 34. Kd2 g5 35. Rg2 Ke5 36. Re2 g4 37. a4 h5 38. Kc2 h4 39. Rg2 Kf4 40. Kd2 g3 41. hxg3+ hxg3 42. Kd3 Kf3 0-1

[Event "LTU-ch Rapid op"]
[Site "Vilnius"]
[Date "2021.07.17"]
[Round "7"]
[White "Salna, Aleksandras"]
[Black "Sarakauskas, Gediminas"]
[Result "0-1"]
[WhiteElo "2134"]
[BlackElo "2342"]
[PlyCount "74"]
[EventDate "2021.07.17"]
[EventType "swiss (rapid)"]
[EventRounds "9"]
[EventCountry "LTU"]
[SourceTitle "EXT 2023"]
[Source "ChessBase"]
[SourceDate "2022.10.05"]
[SourceVersion "1"]
[SourceVersionDate "2022.10.05"]
[SourceQuality "1"]

1. d4 Nf6 2. Bf4 g6 3. e3 Bg7 4. Nf3 0-0 5. Be2 d6 6. h3 Nbd7 7. 0-0 c6 8. Nbd2 Re8 9. Bh2 Qc7 10. a4 b6 11. c4 Bb7 12. a5 Rab8 13. Nb1 Ne4 14. Nfd2 c5 15. Nxe4 Bxe4 16. Nc3 Nf6 17. axb6 axb6 18. Nxe4 Nxe4 19. Bf3 Ng5 20. Be2 cxd4 21. exd4 Ne6 22. d5 Nc5 23. Qc2 Ra8 24. Bf4 Nd7 25. Qd2 Ne5 26. Qb4 Rec8 27. Rxa8 Rxa8 28. Be3 Nd7 29. Rb1 Qa7 30. Qb5 Qa4 31. Qxa4 Rxa4 32. g4 Ra2 33. Bc1 Nc5 34. b4 Rxe2 35. bxc5 Re1+ 36. Kg2 dxc5 37. f4 Bd4 0-1